000 00251nam a2200109Ia 4500
008 190216s9999||||xx |||||||||||||| ||und||
100 _aChitragupt
245 0 _aGolden Book Keeping
260 _bCambridge Uty Press
_c1972
300 _a234p
942 _cBK
999 _c4432
_d4432